000 00982 a2200205 4500
999 _c10888
_d10888
020 _a 9781849711463
050 _aK3240
_bFAG 2010
100 _a Fagan, Andrew
_eauthor
245 _aThe atlas of human rights :
_bmapping violations of freedom worldwide /
_cAndrew Fagan
300 _a128 pages :
_bcolor illustrations, color maps ; 25 cm
336 _2rda content
_atext
_btx
337 _2rda media
_aunmediated
_bn
338 _2rda carrier
_avolume
_bnc
504 _aIncludes index
505 _aIntroduction Major Human Rights Conventions Part I: State, Identity & Citizenship Part II: Judicial Violations & Legal Restrictions Torture Part III: Freedom Of Expression & Censorship Part IV: Conflict & Migration Part V: Discrimination Part VI: Women's Rights Part VII: Children's Rights Part VIII: Country Profiles & World Data Sources Index
650 _aCrimes against humanity
650 _aHuman rights Maps
650 _aHuman rights
942 _2lcc
_cBK
_h3240
_iFAG
_kK